Propuesta de un sistema de registro para la recolección, envió a integración de datos meteorológicos proveniente de las estaciones convencionales del Instituto Nicaragüense de Estudios Territoriales (INETER)
En este proyecto se implementa un sistema de registro para la recolección, envío e integración de datos meteorológicos provenientes de las estaciones convencionales para mejorar el adecuado proceso de recolección de dichos datos meteorológicos.
| Main Authors: | , , |
|---|---|
| Other Authors: | |
| Format: | Tesis Section = Libro |
| Language: | Undetermined Spanish |
| Published: |
Managua
UNI
2016
|
| Subjects: |
| LEADER | 01323nam a2200277Ia 4500 | ||
|---|---|---|---|
| 008 | 240830s9999 xx 000 0 und d | ||
| 040 | |a BIBLIOTECA-RUPAP Mon 005.74 C317 | ||
| 041 | |a spa | ||
| 082 | |a Mon 005.74 C317 | ||
| 100 | 1 | |a Carrillo Torres, Yaritza Cristina | |
| 100 | 1 | |b Altamirano Potosme, Jefferson Isaí | |
| 100 | 1 | |c Urbina Madriz, Iván Alexander | |
| 245 | 1 | 0 | |a Propuesta de un sistema de registro para la recolección, envió a integración de datos meteorológicos proveniente de las estaciones convencionales del Instituto Nicaragüense de Estudios Territoriales (INETER) |
| 260 | |a Managua |b UNI |c 2016 | ||
| 300 | |a 187 p. :il. | ||
| 500 | |a Contiene: anexos e Incluye: CD. | ||
| 502 | |a Tesis (Ingeniero de Sistemas)- UNI, 2016. | ||
| 520 | 3 | |a En este proyecto se implementa un sistema de registro para la recolección, envío e integración de datos meteorológicos provenientes de las estaciones convencionales para mejorar el adecuado proceso de recolección de dichos datos meteorológicos. | |
| 650 | 7 | |a BASES DE DATOS | |
| 650 | 7 | |b SISTEMA DE ALMACENAMIENTO Y RECUPERACIÓN DE LA INFORMACIÓN | |
| 650 | 7 | |c DESARROLLO DE SOFTWARE | |
| 650 | 7 | |d DATOS METEOROLÓGICOS | |
| 700 | 1 | |a Tutor: |b Benavides Rugama, Claudia Lucía | |
| 942 | |c BK |2 ddc | ||
| 991 | |a TESIS | ||
| 999 | |c 15326 | ||